Potrebuje diplomacia marketing?

Marketing v diplomacii ako významný nástroj pri rozhodovacích procesoch o výbere cieľových skupín, presadení produktu na trhu a vybudovaní pozitívneho imidžu krajiny. Marketing územia. Marketing mix.

Salvato in:
Dettagli Bibliografici
Autore principale: Čihovská, Viera
Natura: Capitolo di libro
Lingua:slovacco
Soggetti:
Tags: Aggiungi Tag
Nessun Tag, puoi essere il primo ad aggiungerne!!

MARC

LEADER 00000naa$a2200000$$$4500
001 0046024
005 20240502071532.4
041 0 |a slo 
044 |a SK 
245 1 0 |a Potrebuje diplomacia marketing?  |c Viera Čihovská 
520 |a Marketing v diplomacii ako významný nástroj pri rozhodovacích procesoch o výbere cieľových skupín, presadení produktu na trhu a vybudovaní pozitívneho imidžu krajiny. Marketing územia. Marketing mix. 
610 2 0 |a marketing 
610 2 0 |a marketing mix 
610 2 0 |a marketing regionálny 
610 2 0 |a marketing územia 
610 2 0 |a diplomacia 
610 2 0 |a komunikácia marketingová 
100 1 |a Čihovská, Viera